000 00506nam a2200181Ia 4500
003 GCL
008 140319s9999 xx 000 0 eng d
040 _aGCL /
_cGCL
082 0 4 _a443.1
_bD M
100 1 _aDAREL- MACHREG
245 1 0 _aMOUNGED DICTIONNAIRE ODERNE FRANCAIS ARABE = /
_cDAREL- MACHREG
260 _a[S.N] :
_bDAREL- MACHREG ،
_c1998
300 _a981 P
650 0 4 _aFRENCH LANGUAGE - DICTIONARY
650 0 4 _aDICTIONARIES
650 0 4 _aARABIC LANGUAGE - DICTIONARY
942 _2ddc
_cBK
999 _c16494
_d16494